[Event "Kochan Memorial op 24th"]
[Site "Koszalin"]
[Date "2013.08.16"]
[Round "8"]
[White "Smal, Tobiasz"]
[Black "Kozlowski, Konrad"]
[Result "1/2-1/2"]
[WhiteElo "1928"]
[BlackElo "1515"]
[PlyCount "69"]
[EventDate "2013.08.10"]
[EventType "swiss"]
[EventRounds "9"]
[EventCountry "POL"]
[SourceTitle "CBM 155 Extra"]
[Source "ChessBase"]
[SourceDate "2013.08.26"]
[SourceVersion "1"]
[SourceVersionDate "2013.08.26"]
[SourceQuality "1"]

1. e4 e5 2. Nf3 Nc6 3. Bb5 a6 4. Ba4 Nf6 5. 0-0 b5 6. Bb3 Be7 7. Re1 d6 8. c3 0-0 9. d4 exd4 10. cxd4 Bg4 11. Be3 Na5 12. Bc2 Nc4 13. Bc1 Re8 14. b3 Nb6 15. Nbd2 d5 16. e5 Nfd7 17. h3 Be6 18. Nf1 f6 19. Ng3 g6 20. Bf4 fxe5 21. Nxe5 Nxe5 22. Bxe5 Bf6 23. Rc1 Bxe5 24. Rxe5 Nd7 25. Re3 Rc8 26. Ne2 Qg5 27. Rg3 Qh6 28. Bb1 Nf6 29. Rc6 Nh5 30. Re3 Bd7 31. Rxe8+ Rxe8 32. Rxc7 Re7 33. Kf1 Nf4 34. Qc1 Rxe2 35. Rxd7 1/2-1/2

[Event "Polanica Zdroj op-D 48th"]
[Site "Polanica Zdroj"]
[Date "2012.08.26"]
[Round "9"]
[White "Hosiawa, Klara"]
[Black "Kozlowski, Konrad"]
[Result "0-1"]
[WhiteElo "1365"]
[BlackElo "1502"]
[PlyCount "82"]
[EventDate "2012.08.18"]
[EventType "swiss"]
[EventRounds "9"]
[EventCountry "POL"]
[SourceTitle "EXT 2014"]
[Source "ChessBase"]
[SourceDate "2013.11.20"]
[SourceVersion "1"]
[SourceVersionDate "2013.11.20"]
[SourceQuality "1"]

1. e4 e5 2. Nf3 Nc6 3. Bc4 Be7 4. c3 Nf6 5. d3 d6 6. Bb3 Bg4 7. Nbd2 0-0 8. Nf1 Na5 9. Bc2 c5 10. Ng3 Nc6 11. 0-0 Nh5 12. Nxh5 Bxh5 13. Qe2 Bxf3 14. Qxf3 Bg5 15. Bxg5 Qxg5 16. Rfe1 f5 17. exf5 Rxf5 18. Qd5+ Kh8 19. Qxd6 Qd2 20. Bb3 Rff8 21. Qxc5 Qxd3 22. Qe3 Qg6 23. Qe4 Qg5 24. Qe3 Qf6 25. Bd5 Rae8 26. f4 e4 27. Qh3 h6 28. Rxe4 Rxe4 29. Bxe4 Nd8 30. Qd3 Qb6+ 31. Qd4 Qa6 32. Rd1 Ne6 33. Qd6 Qe2 34. Bf3 Qe3+ 35. Kh1 Rd8 36. Qe5 Rxd1+ 37. Bxd1 Qc1 38. Qe1 Nxf4 39. g3 Ng6 40. Qe2 Qg5 41. Kg2 Nf4+ 0-1

[Event "Polanica Zdroj op-D 48th"]
[Site "Polanica Zdroj"]
[Date "2012.08.24"]
[Round "7"]
[White "Wojtowicz, Stanislaw"]
[Black "Kozlowski, Konrad"]
[Result "1-0"]
[WhiteElo "1736"]
[BlackElo "1502"]
[PlyCount "123"]
[EventDate "2012.08.18"]
[EventType "swiss"]
[EventRounds "9"]
[EventCountry "POL"]
[SourceTitle "EXT 2014"]
[Source "ChessBase"]
[SourceDate "2013.11.20"]
[SourceVersion "1"]
[SourceVersionDate "2013.11.20"]
[SourceQuality "1"]

1. d4 d5 2. Nf3 Nf6 3. c4 e6 4. Nc3 Nbd7 5. Bf4 c6 6. e3 Bb4 7. a3 Bxc3+ 8. bxc3 Ne4 9. Qb3 0-0 10. Be2 Re8 11. 0-0 Nf8 12. cxd5 exd5 13. c4 Ng6 14. Bg3 Nxg3 15. hxg3 Rb8 16. cxd5 cxd5 17. Rfc1 b6 18. Rc3 Be6 19. Rac1 Re7 20. Qc2 h6 21. Bd3 Nf8 22. Ne5 Bd7 23. Rc7 Ba4 24. Qc3 Ne6 25. Rc8 Rxc8 26. Qxc8 Qxc8 27. Rxc8+ Re8 28. Ba6 Rxc8 29. Bxc8 Bb3 30. Bxe6 fxe6 31. Kf1 Bc4+ 32. Ke1 a5 33. g4 b5 34. Nc6 a4 35. Kd2 Kf7 36. f4 Kf6 37. g3 g5 38. Kc3 Be2 39. Ne5 Bc4 40. Kb4 Be2 41. Kc5 Bc4 42. Nf3 gxf4 43. exf4 Be2 44. Ne5 Bc4 45. Nc6 Be2 46. Na7 Bxg4 47. Nxb5 Bd1 48. Nc3 Bc2 49. g4 Kg6 50. Kb4 h5 51. gxh5+ Kxh5 52. Nxa4 Kg4 53. Nc5 Kxf4 54. Nxe6+ Kf5 55. Nc5 Kf4 56. a4 Ke3 57. Kc3 Bg6 58. a5 Be8 59. a6 Bc6 60. a7 Ba8 61. Nd7 Bb7 62. Nb6 1-0

[Event "Polanica Zdroj op-D 48th"]
[Site "Polanica Zdroj"]
[Date "2012.08.21"]
[Round "4"]
[White "Kozlowski, Konrad"]
[Black "Duch, Robert"]
[Result "1-0"]
[WhiteElo "1502"]
[BlackElo "1853"]
[PlyCount "63"]
[EventDate "2012.08.18"]
[EventType "swiss"]
[EventRounds "9"]
[EventCountry "POL"]
[SourceTitle "EXT 2014"]
[Source "ChessBase"]
[SourceDate "2013.11.20"]
[SourceVersion "1"]
[SourceVersionDate "2013.11.20"]
[SourceQuality "1"]

1. e4 c5 2. Nf3 d6 3. d4 cxd4 4. Nxd4 Nf6 5. Nc3 g6 6. Be3 Bg7 7. f3 0-0 8. Qd2 Nc6 9. Bc4 Bd7 10. 0-0-0 Qa5 11. Kb1 Rfc8 12. Bb3 Ne5 13. h4 Nc4 14. Bxc4 Rxc4 15. Nb3 Qc7 16. g4 a5 17. a3 b5 18. h5 b4 19. Nd5 Nxd5 20. Qxd5 Rc8 21. hxg6 hxg6 22. Qxa5 Rxc2 23. Bd4 Bxd4 24. Rxd4 bxa3 25. Qxa3 Rf2 26. Rc1 Rc2 27. Rxc2 Qxc2+ 28. Ka2 Be6 29. Ra4 Rc3 30. Rb4 Rxf3 31. e5 dxe5 32. Qa8+ 1-0

[Event "Polanica Zdroj op-D 48th"]
[Site "Polanica Zdroj"]
[Date "2012.08.19"]
[Round "2"]
[White "Bielinski, Kazimierz"]
[Black "Kozlowski, Konrad"]
[Result "1-0"]
[WhiteElo "1763"]
[BlackElo "1502"]
[PlyCount "95"]
[EventDate "2012.08.18"]
[EventType "swiss"]
[EventRounds "9"]
[EventCountry "POL"]
[SourceTitle "EXT 2014"]
[Source "ChessBase"]
[SourceDate "2013.11.20"]
[SourceVersion "1"]
[SourceVersionDate "2013.11.20"]
[SourceQuality "1"]

1. e4 e5 2. Nf3 Nc6 3. Bb5 a6 4. Ba4 Nf6 5. c3 b5 6. Bb3 d6 7. d3 Be7 8. 0-0 0-0 9. h3 h6 10. Be3 Na5 11. Bc2 Bb7 12. Qd2 c5 13. Nh2 c4 14. f3 d5 15. Qf2 Qd7 16. Nd2 Rac8 17. Qg3 Qe6 18. Ng4 Nxg4 19. hxg4 Bg5 20. Bxg5 hxg5 21. Qf2 cxd3 22. Bxd3 f6 23. exd5 Qxd5 24. Bg6 Qc5 25. Qxc5 Rxc5 26. Kf2 Nc6 27. Rh1 Ne7 28. Bc2 Rd8 29. Ke2 Rc7 30. Rad1 Rcd7 31. Nb3 Rxd1 32. Rxd1 Rxd1 33. Kxd1 Nd5 34. Nc5 Ne3+ 35. Ke2 Nxc2 36. Nxb7 b4 37. Kd2 bxc3+ 38. Kxc2 cxb2 39. Kxb2 Kf7 40. Nc5 Ke7 41. Nxa6 Kd6 42. Kc3 g6 43. Kc4 f5 44. Nc5 Ke7 45. Kd5 fxg4 46. fxg4 e4 47. Nxe4 Kf7 48. a4 1-0